Charakteristika biotopov navrhovaných území európskeho významu Bahno a Vanišovec

Bibliographic Details
Main Authors: Škodová, Iveta, 1969- (Author), Hegedüšová, Katarína (Author)
Format: Article
Language:Slovak
ISBN:8096926535
Subjects:

MARC

LEADER 00000nab a2200000 a 4500
001 vtls010034870
003 SK-MaSNL
005 20260328034444.0
008 250708c2006 xo |||||||||||000 b|slo
015 |a SNBRA2009/12  |2 snkbucl 
035 |a (sysno)vtls010034870 
035 |a urn:nbn:sk:snk-ab726i 
035 |a (uuid)bcdd692c-703d-45d9-92d8-225afe697823 
035 |a (urnnbn)urn:nbn:sk:snk:ar-a06pg9 
038 |a SNKBUCL 
040 |a SNKBUCL  |b slo  |c SNKBUCL  |e AACR2 
041 0 |a slo  |b eng 
044 |a xo  |c SK 
080 |a 582.35/.99  |x (437.6)  |2 1997 
080 |a 574.2  |x (437.6)  |2 1997 
080 |a 502.172:582  |x (437.6)  |2 2001 
100 1 |a Škodová, Iveta,  |d 1969-  |4 aut  |9 102962 
245 1 0 |a Charakteristika biotopov navrhovaných území európskeho významu Bahno a Vanišovec  |c Iveta Škodová, Katarína Hegedüšová 
246 3 1 |a Characteristics of biotops in proposed Sites of Community Interest Bahno and Vanišovec 
504 |a Bibliogr. odkazy 
546 |a Res. angl. 
650 0 7 |a cievnaté rastliny  |2 snkbucl  |9 3629 
650 0 7 |a biotopy  |2 snkbucl  |9 3901 
650 0 7 |a územia európskeho významu  |2 snkbucl  |9 264669 
650 0 7 |a mokrade  |2 snkbucl  |9 17500 
650 0 7 |a ohrozené druhy rastlín  |2 snkbucl  |9 1635674 
651 7 |a Záhorie (Slovensko : región)  |2 snkbucl  |9 177455 
700 1 |a Hegedüšová, Katarína  |4 aut  |9 66045 
773 0 |t Bulletin Slovenskej botanickej spoločnosti pri Slovenskej akadémii vied. Ročník 28 - 2006  |d Bratislava : Slovenská botanická spoločnosť pri SAV, 2006  |g S. 249-260  |z 8096926535 
850 |a Slovenská národná knižnica 
852 |a Slovenská národná knižnica 
954 |a odborná, vedecká literatúra pôvodná (slovenská)  |2 lita 
958 |a article2022 
958 |a NB 
958 |a SK 
958 |a OND 
958 |a EUIPO 
999 |c 3034413  |d 3036343